000 00711nam a2200277Ia 4500
005 20260324114040.0
008 008 260324s9999 xx 000 0 eng d
020 _a9781003315766
037 _aEBOOK
040 _aCRL
040 _beng
040 _cCRL
041 _2eng
041 _aeng
084 _qCRL
100 _aFran Abrams; Mark Solomons
_91149222
245 0 _aWhat Makes Teachers Unhappy, and What Can You Do About It? Building a Culture of Staff Wellbeing
260 _bTaylor and Francis
260 _c2023
365 _a
365 _b220
856 _uhttp://www.taylorfrancis.com/books/9781003315766
942 _cEBOOK
999 _c1739194
_d1739194